| 000 | 00747nam a2200217 a 4500 | ||
|---|---|---|---|
| 001 | 000031438 | ||
| 003 | DO-SdBNP | ||
| 005 | 20240118103054.0 | ||
| 007 | ta | ||
| 008 | 110622q1937 dr ac 000 | spa d | ||
| 040 |
_aDO-SdBNP _bspa _cBNPHU |
||
| 041 | _hspa | ||
| 049 | _aBNPD | ||
| 082 | 4 |
_axxx _bO77ó _222 |
|
| 100 | 1 |
_aOrtiz Álvarez, Horacio _957843 |
|
| 245 | 1 | 3 |
_aLa obra del generalísimo Doctor Trujillo Molina en el Ejército Nacional : _bobservaciones militares / _cHoracio Ortiz Álvarez ; prólogo de Fernando A. Sánchez. |
| 260 |
_aCiudad Trujillo, República Dominicana : _bTipografía Cambier, _c[1937?]. |
||
| 300 |
_a167 p. : _bil., retrs. ; _c21 cm. |
||
| 700 | 1 |
_aSánchez, Fernando A., _epról. _957844 |
|
| 942 |
_2ddc _cLBS1 |
||
| 999 |
_c30930 _d30930 |
||